00541nam a2200193 a 4500001001300000003000900013005001700022008004100039020000800080082001300088100002200101245008100123260005100204300000900255500003500264505001300299650001300312700002200325nice12345678IN_TiNIC20260116015250.0050805s1929 lona grp 000 0 eng  ac000a230bFAR aFarmer, Herbert H aExperience of Godb a Brief Enquiry into the Grounds of Christian Conviction aLondonbStudent Christian Movement Pressc1929 a219p aincludes index and biblioraphy2 aAppendix aTheology1 aFarmer, Herbert H